| 000 | 02211cam a22004934i 4500 | ||
|---|---|---|---|
| 003 | PE-LiUPU | ||
| 005 | 20250731173546.0 | ||
| 008 | 150617s r 000 0 d | ||
| 020 | _a0385111991 | ||
| 035 | _a(Sirsi) i9780385111997 | ||
| 040 |
_aPE-LiUPU _bspa _cPE-LiUPU _erda |
||
| 049 | _aPRUA | ||
| 082 | 0 | 4 |
_a220.7 _bAB _221 |
| 100 | 1 |
_aFurnish, Victor Paul, _eautor. |
|
| 245 | 1 | 0 |
_aII Corinthians / _cVictor Paul Furnish. |
| 264 | 1 |
_aNew York : _bDoubleday & Company, _c1984. |
|
| 300 |
_a619 páginas : _bil. ; _c24 centímetros |
||
| 336 |
_atext _2rdacontent |
||
| 337 |
_aunmediated _2rdamedia |
||
| 338 |
_avolume _2rdacarrier |
||
| 490 | 0 |
_aThe Anchor Bible ; _v32 |
|
| 505 | 0 | _aRoman Corinth. -Christiany in Corint : The Earliest Years. -Canonical 2 Crinthians. -A Chronological overview. -Christianity in Corinth After Paul's Death. -Chapters 1-9 (Letter D). -Letter Opening, 1:1-11. -Letter Body, 1:12-9:-15. -Comments on Apostolic Service,2:14-5:19. -Appeals,5:20-9:15. -Chapters 10-13 (Letter E). -Letter body,10:1-13:10. -A fool's Speech, 11:1-12:13. -Renewal and Conclusion of the Appeal, 12:14-13:10. -Letter Closing,13:11-13[14]. | |
| 526 | _aSEG42 | ||
| 526 | _aSEG41 | ||
| 526 | _aSEG40 | ||
| 526 | _aSEG39 | ||
| 526 | _aP94 | ||
| 526 | _aP87 | ||
| 526 | _aP86 | ||
| 526 | _aP85 | ||
| 526 | _aP77 | ||
| 526 | _aP76 | ||
| 526 | _aP35 | ||
| 630 |
_aBiblia _pN.T. _pCorintios II _xComentarios. |
||
| 910 |
_ajck _bjvq _cjck _d20150616 |
||
| 942 |
_2ddc _cBOOK |
||
| 949 |
_a220.7 AB 32A 1984 _wDEWEY _c1 _i42760 _lCCODEBUL1 _mBUL _r0 _sY _tBOOK _u2015-6-16 _xTEOLOGIA _zUNKNOWN _0COMPRA _o.STAFF. Colección General |
||
| 949 |
_a220.7 AB 32A _wDEWEY _c1 _i26102 _lCCODEBUL1 _mBUL _r0 _sY _tBOOK _u2015-6-17 _xTEOLOGIA _PP35 _0COMPRA _o.STAFF. Colección General |
||
| 994 |
_aC0 _bPEPRU |
||
| 596 | _a1 | ||
| 999 |
_a220.7 AB 32A 1984 _wDEWEY _c60723 _i42760 _d60723 _f2021-11-9 _g6 _lCCODEBUL1 _mBUL _q1 _r0 _sY _tBOOK _u2015-6-16 _xTEOLOGIA _zUNKNOWN _0COMPRA _o.STAFF. Colección General |
||
| 999 |
_a220.7 AB 32A _wDEWEY _c1 _i26102 _f2021-11-9 _g5 _lCCODEBUL1 _mBUL _r0 _sY _tBOOK _u2015-6-17 _xTEOLOGIA _PP35 _0COMPRA _o.STAFF. Colección General |
||
| 980 |
_81 _gALBERTO SANCHEZ Responsable de Automatización |
||